00493 2200169 4500001002100000005001500021035002000036007000300056008004100059082000800100084001400108100002600122245006300148260005400211300004400265650001400309INLIS00000000000025420231115091056 a0010-1123000037ta231115 g 0 ind  a633 a633 PRA p0 aPrabowo Tjitropratono1 aPenelitian - Penyuluhan Pertanian /cPrabowo Tjitropratono aBogor :bPusat Perpustakaan Pertanian dan Biologi avii, 165 hlm, :bilus, ;c15 cm x 23 cm 4aPertanian